Použitie zaplatenej dane na verejnoprospešné účely
Od 1.1.2002 majú možnosť fyzické a právnické osoby poukázať 1 percento zaplatenej dane na verejnoprospešné účely. Kto môže takú daňovú možnosť využiť. Komu sa môže takáto daň poukázať a na aký účel. Povinnosť správcu dane a prijímateľa dane.
Enregistré dans:
| Format: | Chapitre de livre |
|---|---|
| Langue: | slovaque |
| Sujets: | |
| Tags: |
Pas de tags, Soyez le premier à ajouter un tag!
|
MARC
| LEADER | 00000naa a2200000 4500 | ||
|---|---|---|---|
| 001 | r044481 | ||
| 005 | 20230925125550.8 | ||
| 041 | 0 | |a slo | |
| 044 | |a SK | ||
| 245 | 1 | 0 | |a Použitie zaplatenej dane na verejnoprospešné účely |
| 520 | |a Od 1.1.2002 majú možnosť fyzické a právnické osoby poukázať 1 percento zaplatenej dane na verejnoprospešné účely. Kto môže takú daňovú možnosť využiť. Komu sa môže takáto daň poukázať a na aký účel. Povinnosť správcu dane a prijímateľa dane. | ||
| 610 | 2 | 0 | |a dane |
| 610 | 2 | 0 | |a dane z príjmov |
| 610 | 2 | 0 | |a činnosť charitatívna |
| 610 | 2 | 0 | |a osoby fyzické |
| 610 | 2 | 0 | |a osoby právnické |